000 00547nam a2200121 a 4500
008 100513s2009 ||||||||||||||||| || u
050 _aTHESIS/MBA
100 _aLungu, Fadah
245 1 3 _aAn assessment of the viability of occupational pension schemes in Zambia
260 _aKitwe
_bCopperbelt University, School of Business, Department of Postgraduate studies
_c2009
350 _a0.00
995 _D0.00
_FCBU-MAIN LIBRARY (Kitwe)
_H1
_I0.00
_M1
_UAVAILABLE
_WMay 13, 2010
_ZUniversity Collection
999 _c35171
_d35171